| 000 | 00432nam a2200181Ia 4500 | ||
|---|---|---|---|
| 003 | OSt | ||
| 005 | 20230517150654.0 | ||
| 008 | 210210b1948 xxu||||| |||| 00| 0 eng d | ||
| 040 | _cAL | ||
| 041 | _aeng | ||
| 082 | _a828/644 | ||
| 100 |
_aTHOMPSON (J M) _9107078 |
||
| 245 | _aLeaders of the French revolution | ||
| 260 |
_aOxford _bBasil Blackwell _c1948 |
||
| 690 |
_aBiography _9107079 |
||
| 906 | _a016490 | ||
| 942 |
_2ddc _cBK |
||
| 999 |
_c136024 _d136024 |
||